000
00187 a2200097 4500
001
7656
100
_a
Ahmed, S
245
_a
Adabi-Dunya
260
_a
_b
A Punjab
_c
090
_c
6125
_d
6125
942
_a
NUST-CAE
_c
M
_c
32629
999
_c
242729
_d
242729